Ingeniería civil y medio ambiente / (Record no. 82532)

MARC details
000 -LEADER
campo de control de longitud fija 00834nam a2200241 i 4500
001 - NÚMERO DE CONTROL
campo de control 82532
003 - IDENTIFICADOR DE NÚMERO DE CONTROL
campo de control ES-MaACL
005 - FECHA Y HORA DE LA ÚLTIMA TRANSACCIÓN
campo de control 20250902220004.0
007 - CAMPO FIJO DE DESCRIPCIÓN FÍSICA--INFORMACIÓN GENERAL
campo de control de longitud fija t|
008 - DATOS DE LONGITUD FIJA--INFORMACIÓN GENERAL
campo de control de longitud fija 041110s1981 sp a |||| | spa d
080 ## - NÚMERO DE LA CLASIFICACIÓN DECIMAL UNIVERSAL
Número de la Clasificación Decimal Universal 624/628(04)
080 ## - NÚMERO DE LA CLASIFICACIÓN DECIMAL UNIVERSAL
Número de la Clasificación Decimal Universal 502.6/.7(04)
245 00 - MENCIÓN DEL TÍTULO
Título Ingeniería civil y medio ambiente /
Mención de responsabilidad, etc. [coordinador, Calderón Balanzategui, Enrique].
260 ## - PUBLICACIÓN, DISTRIBUCIÓN, ETC.
Lugar de publicación, distribución, etc. Madrid :
Nombre del editor, distribuidor, etc. [Centro de Estudios de Ordenación del Territorio y Medio Ambiente],
Fecha de publicación, distribución, etc. 1981.
300 ## - DESCRIPCIÓN FÍSICA
Extensión 669 p. :
Otras características físicas il. ;
Dimensiones 30 cm.
490 1# - MENCIÓN DE SERIE
Mención de serie CEOTMA. Monografías ;
Designación de volumen o secuencia 10
650 04 - PUNTO DE ACCESO ADICIONAL DE MATERIA--TÉRMINO DE MATERIA
Término de materia o nombre geográfico como elemento de entrada Ingeniería civil-
Subdivisión general Aspectos ambientales
9 (RLIN) 13772
650 04 - PUNTO DE ACCESO ADICIONAL DE MATERIA--TÉRMINO DE MATERIA
Término de materia o nombre geográfico como elemento de entrada Medio ambiente-
Subdivisión general Protección.
9 (RLIN) 14959
700 1# - ENTRADA AGREGADA--NOMBRE PERSONAL
Nombre de persona Calderón Balanzategui, Enrique.
9 (RLIN) 148418
830 0# - PUNTO DE ACCESO ADICIONAL DE SERIE-TÍTULO UNIFORME
Título uniforme CEOTMA. Monografías ;
Designación de volumen o secuencia 10
9 (RLIN) 231596
852 ## - LOCALIZACIÓN
Ubicación ES-MaACL
Número de control de estantería L-5854
Holdings
Estatus retirado Estado de pérdida Estado de daño No para préstamo Biblioteca de origen Biblioteca actual Ubicación en estantería Fecha de adquisición Fuente de adquisición Total de préstamos Signatura topográfica completa Código de barras Visto por última vez Precio de reemplazo Tipo de ítem Koha
        Biblioteca del Ateneo de Madrid Biblioteca del Ateneo de Madrid Depósito 2 17/01/2008     L-5854 1086255 23/02/2023 23/02/2023 Libro impreso